Double Letter Shakespeare Plays Quiz Stats

Quiz Updated Aug 5, 2016

Challenge
Share
Tweet
Embed
Score 0/6 Timer 02:00
2 Plays Today
Shakespeare Play % Correct
Othello
88.9%
A Midsummer Night's Dream
74.4%
All's Well That Ends Well
57%
The Merry Wives of Windsor
46%
Troilus and Cressida
35.9%
The Comedy of Errors
28.6%

You're not logged in!

Compare scores with friends on all Sporcle quizzes.
Sign Up with Email
OR
Log In

You Might Also Like...

Show Comments

Extras

Top Quizzes Today


Score Distribution

Your Account Isn't Verified!

In order to create a playlist on Sporcle, you need to verify the email address you used during registration. Go to your Sporcle Settings to finish the process.